Normal view MARC view
  • Fernández Poncela, Anna María

Entry Nombre Personal

Number of records used in: 20

001 - NUMERO DE CONTROL

  • campo de control: 34704

003 - IDENTIFICADOR DE NUMERO DE CONTROL

  • campo de control: UPN

005 - FECHA Y HORA DE LA ÜLTIMA TRANSACCIÓN

  • campo de control: 20210219194455.0

008 - DATOS DE LONGITUD FIJA

  • campo de control de longitud fija: nabaccnnaabn|||||||||| b |nc|||||d

035 ## - NUMERO DE CONTROL

  • Número de control: UPN11000006811

040 ## - FUENTE DE CATALOGACIÓN

  • Lenguaje de catalogación: SPA
  • Agencia de transcripción: UPN

100 1# - ENCABEZAMIENTO - NOMBRE PERSONAL

  • Nombre personal: Fernández Poncela, Anna María

670 ## - FUENTE EN LA QUE SE LOCALIZARON DATOS

  • Cita de la fuente: T
  • Uniform Resource Identifier: http://editorialitaca.com.mx/portfolio-item/anna-maria-fernandez-poncela/

680 ## - NOTA PUBLICA DE ACCESO PÚBLICO

  • Encabezamiento o subdivisión: Anna María Fernández Poncela es doctora en antropología social por la Universidad de Barcelona; docente e investigadora en el Departamento de Política y Cultura en la UAM-X, e investigadora nacional nivel II

902 ## - CATALOGADOR

  • Catalogador: MCM/280114